All Weapons in Battlefield V - Statistics

General Stats
  • This quiz has been taken 23 times
  • The average score is 13 of 80
Answer Stats
Hint Answer % Correct
Semi-Auto Rifle M1 Garand
56%
Assault Rifle StG 44
56%
SMG STEN
50%
Bolt Action Rifle Kar98k
44%
MMG Mg 42
44%
SMG MP40
44%
Sidearm M1911
39%
Anti Material Rifle Boys AT Rifle
33%
LMG Lewis Gun
33%
Assault Rifle M2 Carbine
33%
MMG MG 34
33%
Bolt Action Rifle Krag-Jørgensen
28%
Semi-Auto Rifle M1A1 Carbine
28%
SMG MP28
28%
Assault Rifle Sturmgewehr 1-5
28%
LMG Bren Gun
22%
SMG EMP
22%
Semi-Auto Rifle Gewehr 43
22%
Sidearm Mk VI Revolver
22%
SMG Mp34
22%
Sidearm Ruby
22%
SMG Suomi KP/-31
22%
Bolt Action Rifle Type 99 Arisaka
22%
LMG FG-42
17%
Semi-Auto Rifle Gewehr 1-5
17%
Bolt Action Carbine Jungle Carbine
17%
LMG LS/26
17%
SMG MAB 38
17%
Self-Loading Rifle RSC
17%
MMG VGO
17%
SMG ZK-383
17%
Semi-Auto Rifle Ag m/42
11%
LMG Chauchat
11%
Bolt Action Carbine Commando Carbine
11%
Shotgun M1897
11%
MMG M1922 MG
11%
SMG M1928A1
11%
Semi-Auto Rifle M1941 Johnson
11%
Bolt Action Carbine M28 con Tromboncino
11%
Shotgun M30 Drilling
11%
SMG M3 Grease Gun
11%
Semi-Auto Rifle MAS 44
11%
Self-Loading Rifle Model 8
11%
Sidearm P08 Pistol
11%
Sidearm P38 Pistol
11%
Anti Material Rifle Panzerbüchse 39
11%
Self-Loading Rifle Selbstlader 1906
11%
Shotgun Sjögren Shotgun
11%
Pistol Carbine Trench Carbine
11%
Semi-Auto Rifle Turner SMLE
11%
SMG Type 100
11%
LMG Type 11 LMG
11%
Sidearm Type 94
11%
SMG Welgun
11%
Self-Loading Rifle ZH-29
11%
Shotgun 12g Automatic
6%
LMG BAR M1918A2
6%
Assault Rifle Breda M1935 PG
6%
Bolt Action Rifle Gewehr M95/30
6%
Bolt Action Rifle K31/43
6%
Semi-Auto Rifle Karabin 1938M
6%
LMG KE7
6%
Bolt Action Rifle Lee-Enfield No.4 MK I
6%
Sidearm Liberator
6%
Assault Rifle M1907 SF
6%
MMG M1919A6
6%
Semi-Auto Rifle (Recon) M3 Infrared
6%
LMG Madsen MG
6%
Sidearm Model 27
6%
Shotgun Model 37
6%
Pistol Carbine P08 Carbine
6%
Sidearm PPK
6%
Sidearm Repetierpistole M1912
6%
Assault Rifle Ribeyrolles 1918
6%
Bolt Action Rifle Ross Rifle MK III
6%
MMG S2-200
6%
Semi-Auto Rifle Selbstlader 1916
6%
SMG Type 2A
6%
LMG Type 97 MG
6%
Sidearm Welrod
6%
No matching quizzes found
Score Distribution
Percent of People with Each Score
Percentile by Number Answered
Your Score History
You have not taken this quiz